V našom dvore býva vtáčik

Bibliographic Details
Main Author: Čepčeková, Ružena (Author)
Other Authors: Šimková, Kristína, 1953- (Illustrator)
Format: Book
Language:Slovak
PhysicalDescription:40 s. 20 cm
Published: Bratislava Mladé letá 1991
ISBN:8006004803
Edition:1. vyd.
Subjects:

MARC

LEADER 00000cam a2200000 a 4500
001 vtls001070609
003 SK-MaSNL
005 20260301135009.0
008 160314s1991 xo a c 0000f slo
015 |a SNBA1993/03 
020 |a 8006004803 
035 |a SNK000013440 
040 |a SNK  |b slo  |c SNK  |e AACR2 
041 0 |a slo 
044 |a xo  |c SK 
080 |a 885.4-1(087.5)  |2 1981 
100 1 |a Čepčeková, Ružena  |4 aut  |9 489699 
245 1 0 |a V našom dvore býva vtáčik  |c Ružena Čepčeková ; ilustrácie Kristína Šimková 
250 |a 1. vyd. 
260 |a Bratislava  |b Mladé letá  |c 1991  |e Martin  |f Neografia 
300 |a 40 s.  |c 20 cm 
521 1 |a Pre najmenších 
655 7 |a slovenská poézia  |2 SNKPH  |9 70444 
655 7 |a poézia pre deti  |2 SNKPH  |9 86748 
655 7 |a literatúra pre deti  |2 SNKPH  |9 87135 
700 1 |a Šimková, Kristína,  |d 1953-  |4 ill  |9 54004 
919 |a 80-06-00480-3 
958 |a LX 
958 |a DB 
958 |a TL 
999 |c 758739  |d 760669 
952 |t P60, <05>, [BOOK], {605}  |a SNK  |b SNK  |y PREZ  |7 0  |p 17A0269216  |o snkSD 63918 D1  |i snkKSP 594/92  |0 0  |1 0  |4 0  |d 2002-07-11  |l 0  |r 2004-12-31 00:00:00  |w 2026-02-23 
952 |a SNK  |b SNK  |y PREZ  |7 0  |p 17A1044543  |o snkSD 63918   |0 0  |1 0  |4 0  |d 2013-08-21  |l 0  |r 2026-02-23 23:56:39  |w 2026-02-23